Jesucristo: Tomo octavo
Saved in:
| Main Author: | |
|---|---|
| Corporate Author: | |
| Format: | Book |
| Published: |
Santiago
Salesianos
1983
|
| Edition: | 4° |
| Textbook Catalogue: | MANES: Library Catalog Search Result |
| Textbook Classification: |
|
| Series: | Colección abre tu corazón a Cristo
|
| Tags: |
Add Tag
No Tags, Be the first to tag this record!
|
| Added to: | 1999-11-29 |
| Changed in: | 2025-04-25 |
MARC
| LEADER | 00000nam a22000007a 4500 | ||
|---|---|---|---|
| 005 | 20250425101437.0 | ||
| 008 | spa | ||
| 040 | |a MGM | ||
| 561 | |5 cl-MGM |3 T 200 R991j 1983 8°B |a Chile. Museo Gabriela Mistral |k MANES | ||
| 999 | |c 53325 |d 53325 | ||
| 100 | |9 22939 |a Rychlowski, Bruno | ||
| 245 | |a Jesucristo: Tomo octavo | ||
| 250 | |a 4° | ||
| 260 | |a Santiago |b Salesianos |c 1983 | ||
| 300 | |a 96 p. |c 18,5 x 26,5 cm. | ||
| 440 | |p Colección abre tu corazón a Cristo |9 28850 | ||
| 500 | |a Ubicación local: T 200 R991j 1983 8°B | ||
| 546 | |a Chile | ||
| 690 | |a RyM | ||
| 691 | |a PRI | ||
| 710 | |9 22941 |a Meza, Francisco |e Ilustrador | ||
| 942 | |2 ddc |c BK | ||
| 999 | |c manes:53325 |d 53325 | ||